00405 a2200109 4500001001000000005001700010008004100027245006900068100002100137773012000158999001700278ART_4286220260410161918.0260409a 10aHacia la obligatoriedad de presentar información no financiera1 aCanetti, Marcelo0 tDocumentos de trabajo de contabilidad, auditoría y responsabilidad socialg- Año 5, Nº 9 (jun. 2015)wREV14385 c27473d27473